00558nam a22001817a 450000500170000001000150001702000270003203500140005903700080007303700140008108200160009510000160011124500690012726000480019627000720024430000210031650000390033720190405144315.0 aENG-124976 a9789383316106c1195.00 aEN-108508 adpl bDBAD/PUB. a327.5405496 aSarin, M.N. aIndia, Nepal and China:cby M.N.Sarinbpeace, conflict approach/ aDelhibGaurav Book Centre (Pvt.) Ltd.c2015 a4832/24, Prahlad Lane, S-207 Ansari Road, Daryaganj,bDelhie110002v a304p.c23cm(Hbk) aIt includes bibliography and index